000 00571nam a2200181 a 4500
001 000733239
003 AM-YeHGA
005 20250617143206.0
008 100504s1968 ru r 000 0 rus d
040 _aAM-YeHGA
041 1 _arus
_htar
100 1 _aМухаметшин, Газиз
245 1 0 _aВолны :
_bРассказы : Перевод с татарского /
_cГ. Мухаметшин.
260 _aКазань :
_bТатар. кн. изд-во,
_c1968.
300 _a110 с.
653 0 _aТатарская литература
090 _c272773
999 _c271134
_d271134